Same title - Different Songs - Statistics

General Stats
  • This quiz has been taken 21 times
  • The average score is 3 of 15
Answer Stats
Hint Answer % Correct
Howard Jones & Haddaway What is Love
62%
Dolly Parton & Sheena Easton (UK) 9 To 5
54%
Blondie & Spagna Call Me
54%
Chris Montez & David Bowie Let's Dance
46%
Bee Gees & F.R. David Words
31%
Shampoo & Pink Trouble
15%
Dire Straits & Billie Piper Walk Of Life
15%
Shalamar & Amii Stewart Friends
8%
Cliff Richard & Donna Summer I Love You
8%
Coral & Razorlight In The Morning
8%
Dead or Alive & Belinda Carlisle In Too Deep
8%
Daphne & Celeste & Sugababes Ugly
8%
Culture Beat & Sisqo Got to Get It
0%
Haddaway & Blink 182 I Miss You
0%
Rolling Stones & Chaka Demus & Pliers I Wanna Be Your Man
0%
No matching quizzes found
Score Distribution
Percent of People with Each Score
Percentile by Number Answered
Your Score History
You have not taken this quiz